| 000 | 00000nam##2200000za#4500 |
| 001 | 9.604801 |
| 003 | CaOODSP |
| 005 | 20220901164727 |
| 007 | cr ||||||||||| |
| 008 | 150406|1997||||xxc|||||o f|0| 0 fre|d |
| 040 | |aCaOODSP|bfre |
| 043 | |an-cn--- |
| 086 | 1 |aJ3-7/1997-8F-PDF |
| 110 | 1 |aCanada.|bJustice Canada. |
| 245 | 13|aUn modèle multidimensionnel pour la prestation de services d'aide juridique en matière pénale au Canada / |h[ressource électronique]|c[par] Albert W. Currie. |
| 260 | |aOttawa - Ontario : |bJustice Canada |c1997. |
| 490 | 1 |aRapport technique|vTR1997-8f1 |
| 500 | |aNon-révisé. |
| 590 | |a12-40-Supp|b2012-10-23 |
| 720 | 1 |aCurrie, A. |
| 775 | 08|tA multidimensional model for service in delivery in Canadian criminal legal aid / |w(CaOODSP)9.575264 |
| 830 | #0|aRapport technique ;|vTR1997-8f1|w(CaOODSP)9.502068 |
| 856 | 40|ahttp://publications.gc.ca|qPDF|s104 Ko|uhttps://publications.gc.ca/collections/collection_2012/jus/J3-7-1997-8-fra.pdf|yTR1997-8f1 |